[Event "Pune Blitz op 13th"]
[Site "Pune"]
[Date "2024.05.22"]
[Round "9"]
[White "Dawda, Vihaan"]
[Black "Md, Imran"]
[Result "0-1"]
[WhiteElo "1788"]
[BlackElo "2273"]
[PlyCount "74"]
[EventDate "2024.05.22"]
[EventType "swiss (blitz)"]
[EventRounds "9"]
[EventCountry "IND"]
[SourceTitle "CB22_2024"]
[SourceDate "2024.05.29"]
[SourceVersion "1"]
[SourceVersionDate "2024.05.29"]
[SourceQuality "1"]

1. e4 c5 2. Nf3 Nc6 3. Bb5 e6 4. Bxc6 bxc6 5. d3 Ne7 6. 0-0 f6 7. a4 Ng6 8. Nc3 Be7 9. Be3 0-0 10. Ne2 Rb8 11. b3 d6 12. Qd2 Ne5 13. Nxe5 fxe5 14. Kh1 Bd7 15. Rab1 Qc7 16. Bg5 Qd8 17. Bxe7 Qxe7 18. Qe3 Be8 19. f3 Bd7 20. Nc1 d5 21. Ne2 Qd6 22. Rbd1 Rb4 23. Qg5 h6 24. Qg3 Rbb8 25. Rfe1 Rbe8 26. Ng1 Kh7 27. Nh3 Rf6 28. Nf2 Rg6 29. Ng4 Rg5 30. Qh4 Rf8 31. Rd2 Be8 32. Rde2 Bh5 33. Ne3 dxe4 34. dxe4 Rxf3 35. gxf3 Bxf3+ 36. Rg2 Qd2 37. Qxg5 Qxe1+ 0-1

[Event "Mumbai Wealth op 7th"]
[Site "Mumbai"]
[Date "2022.12.30"]
[Round "8"]
[White "Shah, Mihir1111"]
[Black "Dawda, Vihaan"]
[Result "0-1"]
[WhiteElo "1399"]
[BlackElo "1561"]
[PlyCount "102"]
[EventDate "2022.12.26"]
[EventType "swiss"]
[EventRounds "9"]
[EventCountry "IND"]
[SourceTitle "EXT 2024"]
[Source "ChessBase"]
[SourceDate "2023.10.10"]
[SourceVersion "1"]
[SourceVersionDate "2023.10.10"]
[SourceQuality "1"]

1. d4 Nf6 2. Nc3 d5 3. Bf4 c6 4. e3 Bf5 5. f3 Bg6 6. g4 Qb6 7. Rb1 h5 8. g5 Nfd7 9. Bd3 Bxd3 10. Qxd3 g6 11. h4 Bg7 12. Nge2 0-0 13. 0-0 e6 14. Bd6 Re8 15. b4 Qd8 16. Bg3 Qc8 17. e4 Nb6 18. Kg2 N8d7 19. e5 Nc4 20. Nf4 Nf8 21. Nce2 a5 22. a3 axb4 23. axb4 Ra2 24. Nxh5 gxh5 25. Nf4 Rxc2+ 26. Rf2 Rxf2+ 27. Bxf2 Qa8 28. Rc1 Qa2 29. Rc2 Qb1 30. Qe2 Ng6 31. Nxh5 Nxh4+ 32. Kh2 Nxf3+ 33. Kg3 Ncd2 34. Rxd2 Nxd2 35. Qxd2 Ra8 36. Kh2 Ra1 37. Ng3 Bf8 38. g6 Qxg6 39. Qf4 Bxb4 40. Qh4 Qh7 41. Nh5 Be7 42. Qg4+ Qg6 43. Qf3 Ra2 44. Nf4 Qe4 45. Qg4+ Kf8 46. Kg3 Ra3+ 47. Kh2 Rf3 48. Bg3 Rf1 49. Bh4 Qh1+ 50. Kg3 Bxh4+ 51. Qxh4 Qf3+ 0-1

[Event "Mumbai Wealth op U13 4th"]
[Site "Mumbai"]
[Date "2018.12.30"]
[Round "1"]
[White "Aaryan, Varshney"]
[Black "Dawda, Vihaan"]
[Result "1-0"]
[WhiteElo "2200"]
[BlackElo "1212"]
[PlyCount "57"]
[EventDate "2018.12.30"]
[EventType "swiss"]
[EventRounds "9"]
[EventCountry "IND"]
[SourceTitle "CBM 188 Extra"]
[Source "ChessBase"]
[SourceDate "2019.02.26"]
[SourceVersion "1"]
[SourceVersionDate "2019.02.26"]
[SourceQuality "1"]

1. d4 Nf6 2. Nf3 e6 3. c4 c5 4. d5 d6 5. Nc3 exd5 6. cxd5 Bf5 7. e4 Bg6 8. Bd3 a6 9. a4 Be7 10. 0-0 0-0 11. h3 Nbd7 12. Re1 Rc8 13. Nh4 Qb6 14. Nxg6 fxg6 15. a5 Qc7 16. f4 b6 17. axb6 Qxb6 18. Rxa6 Qb7 19. Bc4 Nb6 20. Qb3 Nfd7 21. e5 Rb8 22. Bb5 c4 23. Qa2 Nc5 24. Ra7 Qc8 25. Rxe7 Nd3 26. Qa7 Nxe1 27. Rxg7+ Kh8 28. Rxh7+ Kg8 29. Qg7# 1-0